| 000 | 00588nam a2200181Ia 4500 | ||
|---|---|---|---|
| 008 | 090124s9999 xx 000 0 und d | ||
| 082 | _b30877 | ||
| 100 | _aश्री. राजराजेश्र्वर | ||
| 245 | _a सुलक्षणा | ||
| 250 | _a1 | ||
| 260 |
_bनीहारा प्रकाशन _c1992 |
||
| 300 | _a156 | ||
| 600 | _aश्री. राजराजेश्र्वर | ||
| 630 | _a सुलक्षणा | ||
| 700 | _aश्री. राजराजेश्र्वर | ||
| 730 | _a सुलक्षणा | ||
| 942 | _cBOOK | ||
| 999 |
_c97008 _d97008 |
||